Southville International School and Colleges
Your cart is empty.
  • Cart
  • Lists
    Public lists Eva Luna New books Lux_list list_1
    Your lists Log in to create your own lists
  • Log in to your account
  • Your cookies
  • Search history
Southville International School and Colleges
  • Advanced search
  • Recent comments
  • Most popular
  • Libraries

Log in to your account

Log in with GOOGLE


If you do not have an external account, but do have a local account, you can still log in:

  1. Home
  2. MARC view: Diary of the wimpy kid : the third wheel
Normal view MARC view ISBD view

Diary of the wimpy kid : the third wheel (Record no. 365496)

[ view plain ]
MARC details
000 -LEADER
fixed length control field 00488nam a22001817a 4500
003 - CONTROL NUMBER IDENTIFIER
control field 0
005 - DATE AND TIME OF LATEST TRANSACTION
control field 20231124100120.0
008 - FIXED-LENGTH DATA ELEMENTS--GENERAL INFORMATION
fixed length control field 231007b xxu||||| |||| 00| 0 eng d
020 ## - INTERNATIONAL STANDARD BOOK NUMBER
International Standard Book Number 978-1-4197-0919-7
050 ## - LIBRARY OF CONGRESS CALL NUMBER
Classification number Fic
Item number K62 2012
100 ## - MAIN ENTRY--PERSONAL NAME
Personal name Kinney, Jeff
245 ## - TITLE STATEMENT
Title Diary of the wimpy kid : the third wheel
Statement of responsibility, etc Jeff Kinney
260 ## - PUBLICATION, DISTRIBUTION, ETC. (IMPRINT)
Place of publication, distribution, etc New York
Name of publisher, distributor, etc Amulet Books
Date of publication, distribution, etc c2012.
300 ## - PHYSICAL DESCRIPTION
Extent 216 pages :
Other physical details b&w ill. ;
Dimensions 20 cm.
500 ## - GENERAL NOTE
General note Fiction.
650 ## - SUBJECT ADDED ENTRY--TOPICAL TERM
Topical term or geographic name as entry element Fiction.
942 ## - ADDED ENTRY ELEMENTS (KOHA)
Source of classification or shelving scheme Library of Congress Classification
Koha item type Books
Holdings
Withdrawn status Lost status Source of classification or shelving scheme Damaged status Home library Current library Shelving location Date acquired Source of acquisition Total Checkouts Full call number Barcode Date last seen Price effective from Koha item type
    Library of Congress Classification   Munich Library Munich Library Fiction Section 10/07/2023 Library Fund   Fic K62 2012 M8466 10/07/2023 10/07/2023 Books
    Dewey Decimal Classification   Munich Library Munich Library Fiction Section 04/15/2025 Library Fund   Fic K558 2012 M8949 04/15/2025 04/15/2025 Books

Diary of the wimpy kid : the third wheel

APA

Kinney J., . (2012). Diary of the wimpy kid : the third wheel. New York: Amulet Books.

Chicago

Kinney Jeff, . 2012. Diary of the wimpy kid : the third wheel. New York: Amulet Books.

Harvard

Kinney J., . (2012). Diary of the wimpy kid : the third wheel. New York: Amulet Books.

MLA

Kinney Jeff, . Diary of the wimpy kid : the third wheel. New York: Amulet Books. 2012.

  • Place hold
  • Print
  • Cite
  • Add to your cart (remove)
  • Save record
    BIBTEX Dublin Core MARCXML MARC (non-Unicode/MARC-8) MARC (Unicode/UTF-8) MARC (Unicode/UTF-8, Standard) MODS (XML) RIS
  • More searches
    Search for this title in:
    Other Libraries (WorldCat) Other Databases (Google Scholar) Online Stores (Bookfinder.com) Open Library (openlibrary.org)

Exporting to Dublin Core...

SOUTHVILLE LIBRARY

Southville International School and Colleges Library

1281 Tropical Ave. Cor. Luxembourg St., BF Homes International, Las Pinas City

Tel. No. 8256374 / 252358 Loc. 117/146

Powered by Koha